| 000 | 00440nab a2200145Ia 4500 | ||
|---|---|---|---|
| 003 | ES-SlBCS | ||
| 005 | 20210601124950.0 | ||
| 008 | 140529s1985 xxu||||| |||| 00| 0 eng d | ||
| 041 | _aeng | ||
| 100 | 1 |
_aNaylor, Andrew _9151508 |
|
| 245 | 0 | 0 |
_aIn Defense of a Nontraditional Theory of Memory _c Andrew Naylor |
| 650 | 0 | 4 |
_aTeoría de la Memoria _9152000 |
| 773 | 0 |
_tMonist, the _gvol. 68, nº. 1, 1985, págs. 136-150 _wRev1667 |
|
| 942 | _cAR | ||
| 999 |
_c522496 _d522496 |
||